La resurrección de los dioses; segunda parte /
Guardado en:
| Autor Principal: | |
|---|---|
| Formato: | Libro |
| Publicado: |
Valencia :
Sempere, 0
|
| Etiquetas: |
Agregar Etiqueta
Sin Etiquetas, Sea el primero en etiquetar este registro!
|
| LEADER | 00427nam a22001455a 4500 | ||
|---|---|---|---|
| 001 | CEM.cems004371 | ||
| 005 | 20060216000000.0 | ||
| 008 | 130507b######################000#0#####d | ||
| 003 | CEMS | ||
| 082 | 0 | 4 | |a 891.733 |
| 100 | 1 | |a Merejkowski, Demetrio de | |
| 245 | 1 | 0 | |a La resurrección de los dioses; segunda parte / |
| 260 | |a Valencia : |b Sempere, 0 | ||
| 300 | |a 214 p.1 | ||
| 859 | |a CEMS |b BIB. CEMS - 11 de abril |h 891.733 |i M541/II |p 10490.81 |t Ej.1 | ||
